• 首页
  • 本馆介绍
  • 公告通知
  • 最新文献
  • 馆藏检索
  • 电子资源
  • 读者导购
  • 参考咨询
  • 我的图书馆
  • 登录
  • 详细信息显示
  • 放入我的书架
  • 预约/预借图书
  • 作者相关作品
  • 分类相关作品
  • 丛书相关作品
  • 出版社相关作品

书目信息

  • 表格格式
  • 工作单格式
  • 卡片格式
题名:
看图识字
    
 
作者: 上海市卢湾区教师进修学 校 ;王育生 , 王伟成 画
分册:  
出版信息: 上海   上海教育出版社  1979
页数:
开本:
丛书名:
单 册:
中图分类: H312
科图分类:
主题词: 英语
电子资源:
ISBN:
000 00732nam0 2200205 450
001 0729474909
005 20071004081351.54
010    @dCNY0.40
100    @a20071004d1979 km y0chiy0120 ea
101 0  @achi
102    @aCN@b310000
200 1  @a看图识字@Akan tu shi zi@f上海市卢湾区教师进修学校@Fshang hai shi lu wan qu jiao shi jin xiu xue xiao@g王育生,王伟成等画@Gwang yu sheng,wang wei cheng deng hua
210    @a上海@c上海教育出版社@d1979
606 0  @a英语
690    @aH312@v4
701  0 @a上海市卢湾区教师进修学@Ashang hai shi lu wan qu jiao shi jin xiu xue@4校
702  0 @a王育生@Awang yu sheng@4画
702  0 @a王伟成@Awang wei cheng@4画
801  0 @aCN@b大连网信软件有限公司图书馆·11@c20071004
905    @aZUCC@dH312@e24
    
    看图识字/上海市卢湾区教师进修学校/王育生,王伟成等画.-上海:上海教育出版社,1979
    
    
    
    ISBN :CNY0.40
    
●
相关链接 在E读中查询图书 在五车中查询图书 在当当中查询图书 在豆瓣中查询图书


正题名:看图识字     索取号:H312/24         预约/预借

序号 登录号 条形码 馆藏地/架位号 状态 备注
1 0012253   202456485   密集书库/ [索取号:H312/24] 在馆    
2 0012256   202456494   密集书库/ [索取号:H312/24] 在馆    
3 0012261   202456458   密集书库/ [索取号:H312/24] 在馆    
唐山师范学院图书馆 欢迎您!
大连网信软件有限公司© 版权所有